000 00557nam a22001697a 4500
999 _c187324
_d187324
005 20220412144800.0
010 _aENG-132286
020 _a9788192034225
_c160.00
035 _aEN-115818
082 _a881
100 _aPanikkar, G.N
245 _aWhen One Strays Into Your Life /
_cG.N ,. Panikkar
260 _aThiruvanthapuram
_bFOLIO
_c2011
270 _aTJRA 135, Palace Gardens , Pipinmoodu
_bThiruvanthapuram
_e695010
_k04712725383 , 9895550949
_mfoliobooks@gmil.com
300 _a128p.
_c21.3cm(pbk)
942 _2ddc
_cEN
_mDUP
_h881